000 00485nam a2200133 a 4500
008 120416s1969 ||||||||||||||||| || u
050 _aNA 6007.N7 Dev
100 _aDeva, Krishna
245 1 0 _aTemples of North India
260 _aNew Delhi
_bNational Book Trust, India
_c1969
300 _avi, 87p. : ill.
350 _a0.00
995 _D0.00
_FCBU-MAIN LIBRARY (Kitwe)
_H1
_I0.00
_M1
_UAVAILABLE
_ZAnnex Low-Usage Collection
999 _c59630
_d59630